000 00712nam a2200253 a 4500
001 nice12345678
003 IN_TiNIC
005 20260116011430.0
008 050524s1837 lona grp 000 0 eng
020 _a
_c0
082 0 0 _a266.354092
_bMAR
100 _aMartyn, Henry
245 _aJournals and Letters of the Rev. Henry Martyn B. D
260 _aLondon
_bR.B. Seeley and Burnside
_c1837
300 _a527p
500 _aincludes index and biblioraphy
505 2 _aIndex
505 2 _aIndex00
_gV1.
_tJournals and letters of the Rev.H.Martyn.--
_gV2.
_tJournals and
650 _aHenry Martyn-Biography
650 _aIndia-Christian Missions
902 _bRBA
942 _cBK
999 _c1481
_d1481